| 000 -ლიდერი |
| ფიქსირებული სიგრძის საკონტროლო ველი |
01659nam a2200241Ia 4500 |
| 001 - საკონტროლო ნომერი |
| საკონტროლო ველი |
47 |
| 003 - საკონტროლო ნომრის იდენტიფიკატორი |
| საკონტროლო ველი |
GE_BSU |
| 005 - ბოლო ოპერაციის თარიღი და დრო |
| საკონტროლო ველი |
20200319205328.0 |
| 008 - ფიქსირებული სიგრძის მონაცემთა ელემენტები - ზოგადი ინფორმაცია |
| ფიქსირებული სიგრძის საკონტროლო ველი |
181216s2000||||ge |||||||||||||| ||geo|| |
| 020 ## - წიგნის საერთაშორისო სტანდარტული ნომერი |
| International Standard Book Number |
9992848405 |
| 040 ## - კატალოგიზაციის წყარო |
| Transcribing agency |
GE_BSU |
| 041 ## - ენის კოდი |
| Language code of text/sound track or separate title |
geo |
| 080 ## - უნივერსალური ათობითი კლასიფიკაციის ინდექსი |
| Universal Decimal Classification number |
575(075.8) დ–43 |
| 100 ## - მთავარი ჩანაწერი - პიროვნების სახელი |
| Personal name |
დიასამიძე, ანზორ |
| 9 (RLIN) |
1109 |
| 245 ## - ცნობა სათაურის შესახებ |
| Title |
ევოლუციური მოძღვრების საფუძვლები : |
| Remainder of title |
სახელმძღვანელო უნივერსიტეტების ბიოლოგიის სპეციალობის სტუდენტებისათვის / |
| Statement of responsibility, etc |
ანზორ დიასამიძე ; რედ. ქეთევან დოლიძე. |
| 264 ## - წარმოების, გამოცემის, დისტრიბუციის და სხვა ცნობები |
| გამოცემის, წარმოების, დისტრიბუციის... ადგილი |
ბათუმი : |
| გამოცემის, წარმოების, დისტრიბუციის... სახელწოდება |
ბათუმის უნივერსიტეტი. |
| გამოცემის, წარმოების, დისტრიბუციის... თარიღი |
2000. |
| 300 ## - ფიზიკური აღწერა |
| Extent |
534 გვ:. |
| Other physical details |
ილ ; |
| Dimensions |
20 სმ. |
| 653 ## - INDEX TERM--UNCONTROLLED |
| Uncontrolled term |
ბიოლოგია |
| 653 ## - INDEX TERM--UNCONTROLLED |
| Uncontrolled term |
ევოლუცია |
| 653 ## - INDEX TERM--UNCONTROLLED |
| Uncontrolled term |
ევოლუციური თეორიის ისტორია |
| 700 ## - ADDED ENTRY--PERSONAL NAME |
| Personal name |
დოლიძე, ქეთევან |
| Relator term |
რედაქტორი |
| 9 (RLIN) |
7766 |
| 942 ## - ADDED ENTRY ELEMENTS (KOHA) |
| Koha item type |
წიგნი |
| Source of classification or shelving scheme |
|